The thinking computer mind inside matter

में बचाया:
ग्रंथसूची विवरण
मुख्य लेखक: Raphael, Bertram
स्वरूप: पुस्तक
भाषा:Undetermined
प्रकाशित: San Francisco W. H. Freeman 1976
विषय:
टैग : टैग जोड़ें
कोई टैग नहीं, इस रिकॉर्ड को टैग करने वाले पहले व्यक्ति बनें!
Thư viện lưu trữ: Trung tâm Học liệu Trường Đại học Cần Thơ
LEADER 00550nam a2200193Ia 4500
001 CTU_86955
008 210402s9999 xx 000 0 und d
082 |a 001.64 
082 |b R217 
100 |a Raphael, Bertram 
245 4 |a The thinking computer mind inside matter 
245 0 |c Bertram Raphael 
260 |a San Francisco 
260 |b W. H. Freeman 
260 |c 1976 
650 |a Computers,Problem solving,Artificial intelligence 
650 |x Data processing 
904 |i Truc 
980 |a Trung tâm Học liệu Trường Đại học Cần Thơ